Lars Winnerbäck - Alla låtar - Statistics

General Stats
  • This quiz has been taken 9 times
  • The average score is 60 of 157
Answer Stats
Album Answer % Correct
Söndermarken Dom sista drömmarna
100%
Vatten under broarna Elegi
100%
Daugava En tätort på en slätt
100%
Söndermarken Faller
100%
Granit och morän Granit och morän
100%
Vatten under broarna Hjärter Dams sista sång
100%
Hosianna Hosianna
100%
Kom Hugger i sten
100%
Vatten under broarna Jag är hos dig igen
100%
Kom Kom
100%
Dans med svåra steg Kom änglar
100%
Granit och morän Köpt en bil
100%
Söndermarken Min älskling har ett hjärta av snö
100%
Neutronstjärnan Neutronstjärnan
100%
Daugava Om du lämnade mig nu
100%
Själ och hjärta Själ och hjärta
100%
Själ och hjärta Skriet
100%
Söndermarken Söndermarken
100%
Granit och morän Sysselmannen
100%
Eldtuppen Tror jag hittar hem
100%
Hosianna Vem som helst blues
100%
Neutronstjärnan Är det nåt jag ska ta med
67%
Söndermarken Åt samma håll
67%
Vatten under broarna Dom sista drömmarna del 2
67%
Vatten under broarna Dom tomma stegen
67%
Söndermarken Dunkla rum
67%
Singel Elden
67%
Eldtuppen Eldtuppen
67%
Hosianna Ett slags liv
67%
Daugava Farväl Jupiter
67%
Dans med svåra steg Fröken Svår
67%
Med solen i ögonen Gråa dagar
67%
Rusningstrafik Höst på min planet
67%
Daugava Innan mörkret faller
67%
Kom I Stockholm
67%
Tänk om jag ångrar mig... (Bonus) Jag får liksom ingen ordning
67%
Tänk om jag ångrar mig... (Bonus) Jag fattar alltihop
67%
Daugava Jag fattar ingenting
67%
Tänk om jag ångrar mig... (Bonus) Järnvägsspår
67%
Granit och morän Khom loy
67%
Kom Kom ihåg mig
67%
Vatten under broarna Mareld
67%
Neutronstjärnan Min gata i stan
67%
Hosianna Monsterteorin
67%
Neutronstjärnan Nåt som verkligen är bra
67%
Söndermarken Över gränsen
67%
Neutronstjärnan Rosor & champagne
67%
Singel Singel
67%
Med solen i ögonen Solen i ögonen
67%
Eldtuppen Stockholm i okt
67%
Daugava Tidvis
67%
Söndermarken Timglas
67%
Med solen i ögonen Tvivel
67%
Hosianna Utkast till ett brev
67%
Neutronstjärnan Vår tid
67%
Hosianna Vi åkte aldrig ut till havet
67%
Själ och hjärta Älvens industrier
33%
Rusningstrafik Balladen om konsekvenser
33%
Själ och hjärta Blåser bort
33%
Granit och morän Blues of a Salesman
33%
Söndermarken Brustna hjärtans höst
33%
Själ och hjärta Decembernatt
33%
Vatten under broarna Det är visst nån som är tillbaka
33%
Eldtuppen Död och himmel
33%
Kom Du får mig
33%
Singel Du hade tid
33%
Tänk om jag ångrar mig... (Bonus) Du som reser mig
33%
Neutronstjärnan En lampa i mässing
33%
Tänk om jag ångrar mig... (Bonus) En stannfågel ger sig av
33%
Granit och morän En vän i solen
33%
Tänk om jag ångrar mig... (Bonus) Ett sällsynt exemplar
33%
Tänk om jag ångrar mig... (Bonus) Från kylan in i värmen
33%
Tänk om jag ångrar mig... (Bonus) Fribiljett mot himlen
33%
Neutronstjärnan Gärna lite till
33%
Vatten under broarna Hon kommer från främmande vidder
33%
Eldtuppen Hur och vem och vad
33%
Rusningstrafik Ingen har lust
33%
Daugava Jag har väntat på ett regn
33%
Singel Jag vill gå hem med dig
33%
Dans med svåra steg Julgröten
33%
Tänk om jag ångrar mig... (Bonus) Kedjebrev
33%
Daugava Kom hem nu
33%
Tänk om jag ångrar mig... (Bonus) Köpenhamn och överallt
33%
Rusningstrafik Låg
33%
Granit och morän Lågsäsong
33%
Söndermarken Lång väg hem
33%
Med solen i ögonen Mamma är säkert nöjd
33%
Singel Nånting större
33%
Själ och hjärta När hjulen rullar
33%
Daugava Och det blåser genom hallen
33%
Singel Om tiden vill ifatt
33%
Med solen i ögonen Pacemaker
33%
Med solen i ögonen Pollenchock & stjärnfall
33%
Vatten under broarna Se dig om
33%
Själ och hjärta Skjutna stad
33%
Hosianna Skolklockan
33%
Eldtuppen Skulle aldrig hända oss
33%
Vatten under broarna Stackars
33%
Dans med svåra steg Under månen
33%
Daugava Vad är det som bekymrar Sara Wehn
33%
Neutronstjärnan Vad gör det om hundra år
33%
Rusningstrafik Vår för Hjärter Dam
33%
Med solen i ögonen Varning för ras
33%
Granit och morän Visst har vi glömt
33%
Kom Aldrig riktigt slut
0%
Neutronstjärnan Alltid nästan där
0%
Med solen i ögonen Att fånga en fjäril
0%
Dans med svåra steg Av ingens frö
0%
Tänk om jag ångrar mig... (Bonus) Berätta hur du gör
0%
Hosianna Det gick inte
0%
Kom Du gamla fria nord
0%
Tänk om jag ångrar mig... (Bonus) Du min vän i livet
0%
Dans med svåra steg Eldvakt
0%
Rusningstrafik En av alla dom
0%
Rusningstrafik En svår och jobbig grej
0%
Dans med svåra steg Fenomena
0%
Singel För den som letar
0%
Dans med svåra steg Försvarstal
0%
Kom Fria väger ut
0%
Hosianna Gå med mig vart jag går
0%
Daugava Gå på vatten
0%
Själ och hjärta Grand hotel
0%
Singel Håll ut
0%
Eldtuppen Hymn
0%
Singel I dina ögon
0%
Med solen i ögonen Idiot
0%
Dans med svåra steg Inte för kärleks skull
0%
Själ och hjärta Jag väntar här
0%
Själ och hjärta Kallt regn so faller
0%
Granit och morän Kommer och går
0%
Singel Lovesång
0%
Singel Lycklig och förvånad
0%
Kom Måste vara två
0%
Med solen i ögonen Med bussen från stan
0%
Daugava Min helande tröst
0%
Granit och morän Möt mig på stationen
0%
Rusningstrafik Nån annan
0%
Själ och hjärta Nånting, kanske stjärnor
0%
Hosianna När det blåser från ditt håll
0%
Eldtuppen När jag såg dig
0%
Kom Nästan perfekt
0%
Rusningstrafik Nu är alla små stjärnor
0%
Eldtuppen Paradiset
0%
Eldtuppen Precis det där
0%
Rusningstrafik Psalm i januari
0%
Rusningstrafik Rusningstraifk
0%
Dans med svåra steg Sagan om en fantasi
0%
Singel Sen du var här
0%
Själ och hjärta Släpp det där mörkret
0%
Kom Söndag 13.3.99
0%
Dans med svåra steg Tal av Hjärter Dam
0%
Kom Tanken som räknas
0%
Dans med svåra steg Tretton trappor opp
0%
Rusningstrafik Vänner
0%
Dans med svåra steg Vårdag i november
0%
Med solen i ögonen Vinter över ån
0%
Eldtuppen Vykort från alperna
0%
No matching quizzes found
Score Distribution
Percent of People with Each Score
Percentile by Number Answered
Your Score History
You have not taken this quiz